000 00967 a2200313 4500
999 _c200424782
_d40704
001 200424782
003 TR-AnTOB
005 20210218162358.0
008 160726b tu 000 0
020 _a9065442987
040 _aTRTET
_btur
_erda
_cTR-AnTOB
041 0 _aeng
050 0 0 _aKKX120
_b.I57 1987
090 _aKKX120
_b.I57 1987
245 1 0 _aIntroduction to Turkish law /
_cedited by Tuğrul Ansay and Don Wallace, Jr.
250 _a3rd ed.
264 1 _aDeventer [Netherlands] ;
_aBoston :
_bKluwer Law and Taxation Publishers,
_c[1987]
264 4 _c©1987
300 _axiv, 279 pages ;
_c25 cm.
336 _atext
_2rdacontent
_btxt
337 _aunmediated
_2rdamedia
_bn
338 _avolume
_2rdacarrier
_bnc
504 _aIncludes bibliographies and index.
650 0 0 _aLaw
_zTurkey
_xTurkey.
_9120043
700 1 _aAnsay, Tuğrul
_938682
700 1 _aWallace, Don,
_d1932-
_938683
942 _cBK
_2lcc